Ekonomická situácia sa odráža aj na zdraví návrh poslankýň na založenie Fondu náhradného výživného

Bibliographic Details
Main Author: (TH) (Author)
Format: Article
Language:Slovak
ISSN:1335-4477
Subjects:

MARC

LEADER 00000nab a2200000 a 4500
001 vtls000790344
003 SK-MaSNL
005 20260302155932.0
008 140303c2002 xo 0 slo
015 |a SNBRB2002/04-12051 
035 |a CLN000141999 
040 |a SNKBUCL  |b slo  |c SNKBUCL  |e AACR2 
041 0 |a slo 
044 |a xo  |c SK 
080 |a 364.26-053.2(437.6)  |2 1997 
080 |a 362.74.077.83(437.6)  |2 1997 
080 |a 330.59(437.6)  |2 1997 
100 0 |a (TH)  |4 aut  |9 839654 
245 1 0 |a Ekonomická situácia sa odráža aj na zdraví  |b návrh poslankýň na založenie Fondu náhradného výživného  |c [autor] (th) 
650 0 7 |a chudoba  |x bieda sociálna  |x deti  |x vplyvy zdravotné  |2 snkbucl  |9 855189 
650 0 7 |a deti  |x výživné  |x fond náhradného výživného  |x zákony  |x návrhy  |2 snkbucl  |9 848852 
650 0 7 |a bieda sociálna  |2 snkbucl  |9 855190 
650 0 7 |a výživné náhradné  |2 snkbucl  |9 840709 
650 0 7 |a zdravie  |2 snkbucl  |9 16322 
655 7 |a články z novín a časopisov  |2 snkbucl  |9 267496 
773 0 |t Zdravotnícke noviny  |g Roč. 7, č. 4 (2002), s. 2  |x 1335-4477 
850 |a Slovenská národná knižnica v Martine 
852 |a SNK  |b KIS3GCP 
958 |a MI 
958 |a SK 
992 |a RBX 
999 |c 1373108  |d 1375038